000
00308nam a2200133Ia 4500
100
_a
Saaty/ Thomas
942
_c
BK
654
_a
Operation research
245
_a
Mathematical Methods Of Operation Research
260
_b
McGraw Hill
_a
NEWYORK
_c
1959
082
_a
658.4
300
_a
421
546
_a
ENGLISH
999
_c
24195
_d
24195